Doorway to Artistry : (Record no. 1799)

MARC details
000 -LEADER
fixed length control field 02583cam a2200493 i 4500
001 - CONTROL NUMBER
control field data
005 - DATE AND TIME OF LATEST TRANSACTION
control field 20260322212118.0
008 - FIXED-LENGTH DATA ELEMENTS--GENERAL INFORMATION
fixed length control field data
035 ## - SYSTEM CONTROL NUMBER
System control number 23482900
010 ## - LIBRARY OF CONGRESS CONTROL NUMBER
LC control number 2023281161
016 7# - NATIONAL BIBLIOGRAPHIC AGENCY CONTROL NUMBER
Record control number 021237079
Source Uk
020 ## - INTERNATIONAL STANDARD BOOK NUMBER
International Standard Book Number 9781666769685
Qualifying information (paperback)
020 ## - INTERNATIONAL STANDARD BOOK NUMBER
International Standard Book Number 1666769681
Qualifying information (paperback)
020 ## - INTERNATIONAL STANDARD BOOK NUMBER
International Standard Book Number 166676969X
Qualifying information (paperback)
020 ## - INTERNATIONAL STANDARD BOOK NUMBER
International Standard Book Number 9781666769692
Qualifying information (hardcover)
020 ## - INTERNATIONAL STANDARD BOOK NUMBER
Canceled/invalid ISBN 9781666769708
Qualifying information (ebook)
035 ## - SYSTEM CONTROL NUMBER
System control number (OCoLC)1389879211
040 ## - CATALOGING SOURCE
Original cataloging agency YDX
Language of cataloging eng
Description conventions rda
Transcribing agency YDX
Modifying agency DLC
-- UKMGB
-- OCLCF
-- OCLCO
-- OCLCQ
-- OCLCL
-- DLC
042 ## - AUTHENTICATION CODE
Authentication code lccopycat
050 00 - LIBRARY OF CONGRESS CALL NUMBER
Classification number B105.C74
Item number M44 2023
082 04 - DEWEY DECIMAL CLASSIFICATION NUMBER
Classification number 700.1
Edition information 23/eng/20230717
Assigning agency OCoLC
100 1# - MAIN ENTRY--PERSONAL NAME
Personal name Meek, Esther Lightcap,
Dates associated with a name 1953-
Relator term author.
245 10 - TITLE STATEMENT
Title Doorway to Artistry :
Remainder of title attuning your philosophy to enhance your creativity /
Statement of responsibility, etc. Esther Lightcap Meek ; foreword by Makoto Fujimura ; illustrations by Martyn Smith.
264 #1 - PRODUCTION, PUBLICATION, DISTRIBUTION, MANUFACTURE, AND COPYRIGHT NOTICE
Place of production, publication, distribution, manufacture Eugene, Oregon :
Name of producer, publisher, distributor, manufacturer Cascade Bokks, an imprint of Wipf and Stock Publishers,
Date of production, publication, distribution, manufacture, or copyright notice [2023]
264 #4 - PRODUCTION, PUBLICATION, DISTRIBUTION, MANUFACTURE, AND COPYRIGHT NOTICE
Date of production, publication, distribution, manufacture, or copyright notice ©2023
300 ## - PHYSICAL DESCRIPTION
Extent xi, 234 pages :
Other physical details illustrations ;
Dimensions 24 cm
336 ## - CONTENT TYPE
Content type term text
Content type code txt
Source rdacontent
337 ## - MEDIA TYPE
Media type term unmediated
Media type code n
Source rdamedia
338 ## - CARRIER TYPE
Carrier type term volume
Carrier type code nc
Source rdacarrier
504 ## - BIBLIOGRAPHY, ETC. NOTE
Bibliography, etc. note Includes bibliographical references (pages 229-234).
520 ## - SUMMARY, ETC.
Summary, etc. "Your artistry involves you intimately with the world around and beyond you. So your artistry involves profound but simple philosophical matters. As a human person, you are artful and philosophical, at the core of your being. Doorway to Artistry offers a playful, everyday philosophical approach necessary for life, integration, healing, and thriving in artistry. It reflects on the real and how we are involved with it, especially in our creative effort. In short, the real hospitably welcomes us, and in our artistry we reciprocate in noble courtesy. Human persons were made for this communion with the real. Find in this book a hospitable welcome to belong at home beyond where you are"--
Assigning source Provided by publisher.
650 #0 - SUBJECT ADDED ENTRY--TOPICAL TERM
Topical term or geographic name entry element Creative ability
General subdivision Philosophy.
650 #0 - SUBJECT ADDED ENTRY--TOPICAL TERM
Topical term or geographic name entry element Philosophy.
650 #6 - SUBJECT ADDED ENTRY--TOPICAL TERM
Topical term or geographic name entry element Créativité
General subdivision Philosophie.
650 #6 - SUBJECT ADDED ENTRY--TOPICAL TERM
Topical term or geographic name entry element Philosophie.
650 #7 - SUBJECT ADDED ENTRY--TOPICAL TERM
Topical term or geographic name entry element philosophy.
Source of heading or term aat
650 #7 - SUBJECT ADDED ENTRY--TOPICAL TERM
Topical term or geographic name entry element Creative ability
General subdivision Philosophy
Source of heading or term fast
650 #7 - SUBJECT ADDED ENTRY--TOPICAL TERM
Topical term or geographic name entry element Philosophy
Source of heading or term fast
700 1# - ADDED ENTRY--PERSONAL NAME
Personal name Fujimura, Makoto,
Dates associated with a name 1960-
Relator term writer of foreword.
Real World Object URI https://id.oclc.org/worldcat/entity/E39PBJcBTYrxdm8Yh3gFrDq4v3
700 1# - ADDED ENTRY--PERSONAL NAME
Personal name Smith, Martyn,
Relator term illustrator.
906 ## - LOCAL DATA ELEMENT F, LDF (RLIN)
a 7
b cbc
c copycat
d 2
e ncip
f 20
g y-gencatlg
925 0# -
-- acquire
-- 1 shelf copy
-- policy default
Holdings
Withdrawn status Lost status Damaged status Not for loan Home library Current library Shelving location Date acquired Total checkouts Full call number Barcode Date last seen Price effective from Koha item type
        Franklin Franklin General stacks 22/03/2026   700.1 LOC-FRL-00035 22/03/2026 22/03/2026 Books